Statistiques concernant Culture Pop par lettre - Q

Cliquez ici pour prendre le quiz!

Statistiques générales

  • Ce quiz a été pris 1 148 fois
  • Le résultat moyen est 10 sur 13

Statistiques - réponses

CatégorieIndiceRéponse% Correct
MusiqueGroupe de rock britannique dont Freddie Mercury était le chanteur principalQueen
98%
InternetQue signifie la lettre "Q" dans les sigles FAQ et Q&A, souvent utilisés par les youtubeurs ?Questions
97%
FilmComédie, dans laquelle les filles d'une famille bourgeoise française sont en couple avec des hommes de culture et de religion différentes, au grand dam des parents (Christian Clavier / Chantal Lauby)Qu'est ce qu'on a fait au bon dieu ?
93%
CélébritéPrénom du réalisateur des films : Kill Bill, Pulp Fiction, Inglourious Basterds...Quentin Tarantino
92%
ObjetVéhicule motorisé tout-terrain pour une ou deux personnesQuad
91%
Personnage célèbreLe bossu de Notre-DameQuasimodo
90%
SigleQue désigne la lettre Q dans le sigle "LGBTQ+" ?Queer
85%
ComicsSuper-vilaine, en relation tumultueuse avec "Le Joker"Harley Quinn
84%
ComicsNom de l'équipe formée de : La Torche, La Chose, La Femme Invisible et son mariLes Quatre Fantastiques
79%
ÉmissionJeu télévisé de questions longtemps présenté par Jean-Pierre FoucaultQui veut gagner des millions ?
78%
FilmComédie mélangeant acteurs réels et dessins animés où on suit les aventures d'un lapinQui veut la peau de Roger Rabbit ?
41%
ApplicationForum internet de questions-réponses permettant de partager ses connaissancesQuora
24%
FilmComédie romantique, connue pour une scène d'anthologie où Meg Ryan simule un orgasme en plein restaurantQuand Harry rencontre Sally ?
21%

Distribution des résultats

Percentile par nombre de réponses

% des personnes avec chaque résultat

Votre développement - résultats

Vous n’avez pas pris ce quiz